A new concept for streamlining up-front planning : project Air Force /

Bibliographic Details
Main Author: Kent, Glenn A., 1915-
Corporate Author: United States. Air Force
Other Authors: Thaler, David E.
Format: Book
Language:English
Published: Santa Monica, CA : Rand, 1993.
Subjects:

MARC

Tag First Indicator Second Indicator Subfields
LEADER 00000cam a2200000 a 4500
001 in00001165310
005 20151001075543.0
008 930527s1993 caua 000 0 eng
010 |a  93025349  
020 |a 0833014153 
035 |a (OCoLC)28338436 
035 |9 AGF1152AM 
040 |a DLC  |c DLC  |d TXA  |d UtOrBLW 
043 |a n-us--- 
049 |a TXAM 
050 0 0 |a U153  |b .K465 1993 
082 0 0 |a 355/.0335/73  |2 20 
088 |a MR-271-AF 
100 1 |a Kent, Glenn A.,  |d 1915- 
245 1 2 |a A new concept for streamlining up-front planning :  |b project Air Force /  |c Glenn A. Kent, David E. Thaler. 
264 1 |a Santa Monica, CA :  |b Rand,  |c 1993. 
300 |a xv, 27 pages :  |b illustrations ;  |c 28 cm. 
336 |a text  |b txt  |2 rdacontent 
337 |a unmediated  |b n  |2 rdamedia 
338 |a volume  |b nc  |2 rdacarrier 
500 |a "Prepared for the United States Air Force." 
500 |a "MR-271-AF" -- Cover, page 4. 
504 |a Includes bibliographical references. 
500 |a Label on cover: Rand Library Collection. 
650 0 |a Military planning  |z United States. 
610 1 0 |a United States.  |b Department of Defense  |x Management. 
700 1 |a Thaler, David E. 
710 1 |a United States.  |b Air Force. 
999 |a MARS 
999 f f |s 5a1260d2-d8c8-3cfc-92f9-19b14de6271c  |i 440015c2-e5b1-3a67-831d-265868882a2d  |t 0 
952 f f |p ric  |a Texas A&M University  |b Rellis Campus  |c Joint Library Facility  |d Remote Storage  |t 0  |e U153 .K465 1993  |h Library of Congress classification  |i unmediated -- volume  |m A14817999712 
998 f f |a U153 .K465 1993  |t 0  |l Remote Storage